000 00477nam a2200181Ia 4500
008 240925s9999 xx 000 0 und d
020 _a71168923
082 _a621.381 SCH
100 _aSchuler ,Cuharles A.
245 0 _aElectronics: principles and applications
250 _a5th
260 _aNew York:
_bMcGraw-Hill
_c,1999.
300 _aix, 454p.
_bNA
_fPhotocopy
500 _aIncludes Index
600 _aElectronic Engineering
650 _aTechnology
942 _cBK
999 _c2511
_d2511